Szczegóły MARC21

Ocena działalności Michała Dragomanowa w historiografii ukraińskiej, rosyjskiej i polskiej /

003 -Nazwa inst., której nr kontr. jest w polu 001 [,]
    • @
    • Nazwa instytucji, której n kontrolny jest w polu 001
    • NUKAT
005 -DATA I CZAS OSTATNIEJ MODYFIKACJI [,]
    • @
    • pole kontrolne
    • 20241231092632.0
040 -Instytucja sporządzająca opis [ , ]
    • a
    • Instytucja, która sporządziła opis (NP)
    • WA U/76JM
    • c
    • Instytucja, która sporządziła rekord (NP)
    • WA U/JM
    • d
    • Instytucja, która zmodyfikowała rekord (P)
    • WA U/76DP GD U/IŁs
942 -Rodzaj dokumentu [ , ]
    • c
    • Rodzaj dokumentu
    • Książka
100 -Hasło główne - nazwa osobowa [1, ]
    • a
    • Nazwa osobowa (NP)
    • Hornowa, Elżbieta.
    • 9
    • KHW
    • 19634
245 -Strefa tytułu i oznaczenia odpowiedzialności [1,0]
    • a
    • Tytuł
    • Ocena działalności Michała Dragomanowa w historiografii ukraińskiej, rosyjskiej i polskiej / Find
    • c
    • Pozostałe elementy strefy tytułu i oznaczenia odpowiedzialności (NP)
    • Elżbieta Hornowa.
260 -Strefa adresu wydawniczego [ , ]
    • a
    • Miejsce wydania (P)
    • Opole :
    • b
    • Nazwa wydawcy (P)
    • [s. n.],
    • c
    • Data wydania (P)
    • 1967
    • e
    • Miejsce druku (NP)
    • (Gliwice :
    • f
    • Nazwa drukarni (P)
    • Zakład Graficzny Politechniki Śląskiej).
300 -Strefa opisu fizycznego [ , ]
    • a
    • Określenie formy książki i/lub objętość (NP)
    • 117 s. :
    • b
    • Oznaczenie ilustracji (NP)
    • err. ;
    • c
    • Format (NP)
    • 24 cm.
336 -Typ zawartości [ , ]
    • a
    • Termin opisujący typ zawartości
    • Tekst
    • b
    • Kod określający zawartość
    • txt
    • 2
    • Źródło (terminu i kodu)
    • rdacontent
337 -Typ mediów [ , ]
    • a
    • Tryb odtwarzania
    • Bez urządzenia pośredniczącego
    • b
    • Kod typu mediów
    • n
    • 2
    • Źródło (terminu i kodu)
    • rdamedia
338 -Typ/rodzaj nośnika [ , ]
    • a
    • Hasło opisujące typ nośnika
    • Wolumin
    • b
    • Kod typu nośnika
    • nc
    • 2
    • Źródło (terminu i kodu)
    • rdacarrier
490 -Strefa serii i książki wielotomowej - forma nie do wyszukiwania [1, ]
    • a
    • Tytuł (P)
    • Zeszyty Naukowe Wyższej Szkoły Pedagogicznej w Opolu. Seria B, Studia i Monografie ; Find
    • v
    • Numeracja (P)
    • nr 16
830 -Hasło dodatkowe serii i opisu książki wielotomowej - tytuł ujednolicony/tytuł [ ,0]
    • a
    • Tytuł ujednolicony/tytuł (NP)
    • Zeszyty Naukowe Wyższej Szkoły Pedagogicznej w Opolu.
    • n
    • Oznaczenie części/podserii/sekcji (P)
    • Seria B,
    • p
    • Nazwa części/podserii/sekcji (P)
    • Studia i Monografie
    • v
    • Oznaczenie tomu (NP)
    • nr 16
    • 9
    • KHW
    • 404466
600 -Hasło przedmiotowe w formie nazwy osobowej [1,7]
    • a
    • Nazwa osobowa
    • Dragomanov, Mihajlo Petrovič
    • d
    • Daty związane z nazwą
    • (1841-1895)
    • x
    • Określnik rzeczowy
    • krytyka i interpretacja.
    • 2
    • Źródło terminu
    • kaba
    • 9
    • KHW
    • 404551
931 -Powiązanie tyt. z wydaw. ciągłym [ , ]
    • a
    • Powiązanie tytułówki z wydaw. ciągłym
    • PATRZ WYDAWNICTWO CIĄGŁE
    • z
    • Numer rek. powiązanego
    • 197517